Expressions de la langue française contenant un prénom - Statistiques

Statistiques générales
  • Ce quiz a été pris 519 fois
  • Le résultat moyen est 9 sur 20
Statistiques - réponses
Expression Prénom % Correct
Cool ___ ! Raoul
93%
A l'aise ____ ! Blaise
92%
En voiture ____ ! Simone
92%
à la tienne, ___ ! Etienne
86%
Relaxe ___ ! Max
85%
Pleurer comme une ___ Madeleine
72%
Déshabiller Pierre pour habiller ____ Paul
68%
Chauffe ___ ! Marcel
51%
A 25 ans sans être mariée : coiffer sainte ____ Catherine
43%
A la pétanque on peut embrasser ___ Fanny
33%
Cause toujours, mon oeil, bien sûr, tu parles ____ Charles
32%
Tu vas te faire disputer, appeler ___ Arthur
26%
Faire l'imbécile, faire le ___ Jacques
26%
Gigoter dans tous les sens, c'est avoir la danse de saint ___ Guy
24%
T'as le bonjour d'____ ! Alfred
21%
Il y a plus d'un âne qui s'appelle ____ Martin
21%
Prendre quelqu'un en traître : le coup du Père ___ François
15%
Faire un pet malodorant, c'est lâcher une ___ Louise
13%
Tranquille comme ____ Baptiste
11%
Faire sa mijaurée, faire sa chochotte, faire sa ___ Joséphine
2%
Aucun quiz correspondant
Distribution des résultats
% des personnes avec chaque résultat
Percentile par nombre de réponses
Votre historique - résultats
Vous n’avez pas pris ce quiz